| 000 | 00629nam a22001937a 4500 | ||
|---|---|---|---|
| 999 |
_c525441 _d525441 |
||
| 003 | NUST | ||
| 005 | 20190702063801.0 | ||
| 008 | 190702b ||||| |||| 00| 0 eng d | ||
| 038 | _aMr. Zahoor | ||
| 082 | _a620.005 | ||
| 100 |
_aHassan, Rameez _916310 |
||
| 245 |
_aElectrical Energy Auditing & Managment; A Case study of NUST College of Electrical $ Mechanical Engineering / _cRameez Hassan |
||
| 260 |
_aIslamabad : _bCEME - NUST _c2017. |
||
| 300 |
_aix, 63 p. : ill. ; _c30cm. |
||
| 500 | _aHardcover. | ||
| 650 |
_aEngineering Managment - MS Thesis _916311 |
||
| 700 |
_aDr. Muhammad Saleem _916312 |
||
| 942 |
_2ddc _cTHE |
||